| 000 | 00557nam a2200169 a 4500 | ||
|---|---|---|---|
| 001 | 000027860 | ||
| 005 | 20240229073944.0 | ||
| 008 | 110405s1978 dr a 000 0 spa d | ||
| 040 |
_aDO-SdBNP _bspa _bBNPHU |
||
| 245 | 0 | 0 |
_aArte precolombino de Panamá / _ceditor José Chez Checo. |
| 260 |
_aSanto Domingo : _bMuseo del Hombre Dominicano, _c1978. _fEditora Taller |
||
| 300 |
_a50 p. : _bil. ; _c20 cm. |
||
| 490 | 1 |
_aCatálogos y memorias _v8 |
|
| 700 | 1 |
_aChez Checo, José, _d1949- _eed. _910145 |
|
| 830 | 0 |
_aCatálogos y memorias _n8 _954931 |
|
| 049 | _aBNPD | ||
| 999 |
_c27352 _d27352 |
||